00759nam a22002057a 450000500170000001000150001702000270003203500140005903700130007308200110008610000130009724501220011026000470023227000540027930000330033350000190036694200250038599900190041095201240042920170721124009.0 aENG-119272 a9788173055355c1800.00 aEN-102804 bDBAD/PUB a954.01 aLal,B.B. aThe Rigvedic people 'invaders' ? 'Immigrants' ?or Indigenous? :cbyB.B. Lalbevidence of archaeology and literature / aNew DelhibAryan Book Interrnationalc2015 aPooja Apartments 4BAnsari RoadbNew Delhie110002 axiii,382p. :c25cm(pbk)bill aIncludes Index 2ddccENh954.01mLAL c142764d142764 001040718NFICaDBADbLd2017-07-21eDBAD/PUBg1800.00l0o954.01 LALpEN-102804r2017-07-21 00:00:00t1v1800.00yEN